[Event "Leamington Spa 4NCL op-B 28th"]
[Site "Leamington Spa"]
[Date "2022.07.09"]
[Round "2"]
[White "Singleton, Luke"]
[Black "Burns, Kenneth"]
[Result "0-1"]
[WhiteElo "1859"]
[BlackElo "1711"]
[PlyCount "100"]
[EventDate "2022.07.08"]
[EventType "swiss"]
[EventRounds "5"]
[EventCountry "ENG"]
[SourceTitle "CBM 209 Extra"]
[Source "ChessBase"]
[SourceDate "2022.09.30"]
[SourceVersion "1"]
[SourceVersionDate "2022.09.30"]
[SourceQuality "1"]

1. e4 e6 2. d4 d5 3. exd5 exd5 4. Nf3 Bg4 5. Be2 Nf6 6. Ne5 Bxe2 7. Qxe2 Qe7 8. 0-0 Nc6 9. Nc3 Nxd4 10. Qd2 Nxc2 11. Qxc2 Qxe5 12. Bd2 Bd6 13. Rfe1 Ne4 14. g3 0-0-0 15. Nxe4 dxe4 16. Rxe4 Qf5 17. Rae1 Rhe8 18. Qc4 Rxe4 19. Rxe4 Bxg3 20. hxg3 Rxd2 21. Re8+ Rd8 22. Re7 Rd1+ 23. Kg2 Qd5+ 24. Qxd5 Rxd5 25. Rxf7 c5 26. Kf3 Rd7 27. Rf4 Kc7 28. Rh4 a6 29. Rc4 Kc6 30. b4 Kb5 31. Rxc5+ Kxb4 32. Rc2 Ka3 33. Re2 b5 34. Kg4 b4 35. f4 a5 36. Re5 a4 37. Ra5 Kxa2 38. Rxa4+ Kb3 39. Ra6 Kb2 40. Rb6 b3 41. Kf5 Rc7 42. g4 Kc2 43. g5 b2 44. g6 h6 45. Ke6 b1Q 46. Rxb1 Kxb1 47. f5 h5 48. Ke5 Rc6 49. Kf4 Rf6 50. Kg5 Kc2 0-1